[Event "Aragon-chT Honor Gr-II"]
[Site "Aragon"]
[Date "2020.02.08"]
[Round "3.6"]
[White "Remiro Juste, Fernando Jose"]
[Black "Glavina, Pablo"]
[Result "1/2-1/2"]
[WhiteElo "2194"]
[BlackElo "2405"]
[PlyCount "61"]
[EventDate "2020.01.25"]
[EventType "team-tourn"]
[EventRounds "7"]
[EventCountry "ESP"]
[SourceTitle "EXT 2022"]
[Source "ChessBase"]
[SourceDate "2021.10.06"]
[SourceVersion "1"]
[SourceVersionDate "2021.10.06"]
[SourceQuality "1"]
[WhiteTeam "Agrupacion"]
[BlackTeam "St Casablanca"]
[WhiteTeamCountry "ESP"]
[BlackTeamCountry "ESP"]

1. d4 Nf6 2. Nf3 d5 3. e3 c5 4. dxc5 Qa5+ 5. Nbd2 g6 6. a3 Qxc5 7. b4 Qc7 8. Bb2 Bg7 9. c4 0-0 10. Rc1 Qd8 11. cxd5 Nxd5 12. Bxg7 Kxg7 13. Bc4 Nb6 14. 0-0 Nxc4 15. Nxc4 Be6 16. Qd4+ Qxd4 17. Nxd4 Bd5 18. Rfd1 e6 19. Ne5 Nc6 20. Ndxc6 bxc6 21. f3 a5 22. e4 Bb3 23. Rd3 Ba4 24. Nxc6 Bxc6 25. Rxc6 axb4 26. axb4 Ra2 27. Rcc3 Rb8 28. Rb3 Rc8 29. Rdc3 Rd8 30. Rd3 Rc8 31. Rdc3 1/2-1/2

[Event "Aragon-chT Honor Titulo"]
[Site "Aragon"]
[Date "2016.04.09"]
[Round "10.10"]
[White "Chueca Forcen, Alberto"]
[Black "Remiro Juste, Fernando Jose"]
[Result "1-0"]
[WhiteElo "2267"]
[BlackElo "2231"]
[PlyCount "69"]
[EventDate "2016.03.19"]
[EventType "team-tourn"]
[EventRounds "10"]
[EventCountry "ESP"]
[SourceTitle "EXT 2018"]
[Source "ChessBase"]
[SourceDate "2017.10.13"]
[SourceVersion "1"]
[SourceVersionDate "2017.10.13"]
[SourceQuality "1"]
[WhiteTeam "El Olivar"]
[BlackTeam "Agrupacion"]
[WhiteTeamCountry "ESP"]
[BlackTeamCountry "ESP"]

1. d4 Nf6 2. Bf4 g6 3. e3 Bg7 4. Nf3 0-0 5. Be2 d6 6. 0-0 b6 7. c4 c5 8. Nc3 cxd4 9. exd4 Bb7 10. d5 Nbd7 11. Re1 Rc8 12. Qd2 Re8 13. Rad1 Nc5 14. Bf1 a5 15. h3 Qd7 16. Nd4 Rcd8 17. Bh6 Bxh6 18. Qxh6 e5 19. dxe6 fxe6 20. Ndb5 Qc6 21. Re3 Rf8 22. Nd4 Qd7 23. Be2 Nfe4 24. Nxe4 Nxe4 25. Bf3 Nc5 26. Bxb7 Qxb7 27. Nxe6 Nxe6 28. Rxe6 Qf7 29. Qe3 Rfe8 30. Rdxd6 Rxe6 31. Rxd8+ Kg7 32. Qd4+ Qf6 33. Rd7+ Kh6 34. Qd2+ g5 35. h4 1-0

[Event "Aragon-chT Honor GrB"]
[Site "Aragon"]
[Date "2016.01.30"]
[Round "1.27"]
[White "Remiro Juste, Fernando Jose"]
[Black "Eizaguerri Floris, Maria"]
[Result "1-0"]
[WhiteElo "2231"]
[BlackElo "1906"]
[PlyCount "77"]
[EventDate "2016.01.30"]
[EventType "team-tourn"]
[EventRounds "7"]
[EventCountry "ESP"]
[SourceTitle "EXT 2018"]
[Source "ChessBase"]
[SourceDate "2017.10.13"]
[SourceVersion "1"]
[SourceVersionDate "2017.10.13"]
[SourceQuality "1"]
[WhiteTeam "Agrupacion"]
[BlackTeam "IberCaja"]
[WhiteTeamCountry "ESP"]
[BlackTeamCountry "ESP"]

1. Nf3 d5 2. g3 Nf6 3. Bg2 Bf5 4. 0-0 e6 5. d3 h6 6. Nbd2 Be7 7. Qe1 0-0 8. e4 Bh7 9. Qe2 c5 10. Ne1 Nc6 11. c3 b5 12. f4 Qb6 13. Kh1 b4 14. f5 dxe4 15. dxe4 exf5 16. e5 Nd7 17. e6 Nde5 18. exf7+ Nxf7 19. Nc4 Qa6 20. Qe6 Rac8 21. Ne5 Qe2 22. Bf4 Bf6 23. Qc4 Qxc4 24. Nxc4 bxc3 25. bxc3 Bxc3 26. Rc1 Bd4 27. Bd5 Kh8 28. Nf3 Nb4 29. Bxf7 Rxf7 30. Nd6 Rcf8 31. Nxf7+ Rxf7 32. Nxd4 cxd4 33. Rc8+ Bg8 34. Rb1 Nd5 35. Rbb8 Nf6 36. Be5 d3 37. Bxf6 d2 38. Rxg8+ Kh7 39. Rgd8 1-0

[Event "Aragon-chT Honor Titulo"]
[Site "Aragon"]
[Date "2015.03.28"]
[Round "10.10"]
[White "Remiro Juste, Fernando Jose"]
[Black "Cerrajeria Ruiz, Jesus Maria"]
[Result "0-1"]
[WhiteElo "2232"]
[BlackElo "2163"]
[PlyCount "92"]
[EventDate "2015.02.21"]
[EventType "team-tourn"]
[EventRounds "10"]
[EventCountry "ESP"]
[SourceTitle "EXT 2017"]
[Source "ChessBase"]
[SourceDate "2016.10.25"]
[SourceVersion "1"]
[SourceVersionDate "2016.10.25"]
[SourceQuality "1"]
[WhiteTeam "Agrupacion"]
[BlackTeam "Helios"]
[WhiteTeamCountry "ESP"]
[BlackTeamCountry "ESP"]

1. d4 Nf6 2. c4 c5 3. d5 b5 4. Qc2 bxc4 5. e4 d6 6. Bxc4 g6 7. Nf3 Bg7 8. 0-0 0-0 9. h3 Na6 10. Nc3 Rb8 11. Bf4 Qa5 12. e5 Ne8 13. Qe2 Nac7 14. Rac1 Ba6 15. b3 Bxc4 16. bxc4 Rb4 17. Ne4 Qa6 18. Rfe1 Ra4 19. Rc2 Na8 20. exd6 exd6 21. Nxc5 dxc5 22. Qxe8 g5 23. d6 gxf4 24. d7 Bf6 25. Qe4 Nc7 26. Qxf4 Bd8 27. Ne5 Qf6 28. Qg3+ Qg5 29. Qf3 Ne6 30. Qc6 Nf4 31. Ng4 Rb4 32. Re5 f5 33. Qxc5 Rb6 34. Re8 Ne6 35. Rxf8+ Nxf8 36. Qd5+ Ne6 37. c5 Rb1+ 38. Kh2 Re1 39. c6 Bc7+ 40. g3 fxg4 41. Qxg5+ Nxg5 42. hxg4 Re6 43. d8Q+ Bxd8 44. c7 Bxc7 45. Rxc7 Ra6 46. Rc2 Nf3+ 0-1

[Event "Aragon-chT Honor GrA"]
[Site "Aragon"]
[Date "2015.01.31"]
[Round "2.11"]
[White "Gomez Anadon, Daniel"]
[Black "Remiro Juste, Fernando Jose"]
[Result "0-1"]
[WhiteElo "2249"]
[BlackElo "2232"]
[PlyCount "68"]
[EventDate "2015.01.24"]
[EventType "team-tourn"]
[EventRounds "7"]
[EventCountry "ESP"]
[SourceTitle "EXT 2017"]
[Source "ChessBase"]
[SourceDate "2016.10.25"]
[SourceVersion "1"]
[SourceVersionDate "2016.10.25"]
[SourceQuality "1"]
[WhiteTeam "St Casablanca II"]
[BlackTeam "Agrupacion"]
[WhiteTeamCountry "ESP"]
[BlackTeamCountry "ESP"]

1. d4 Nf6 2. Nf3 g6 3. Bf4 Bg7 4. e3 0-0 5. Be2 d6 6. h3 Nc6 7. 0-0 Bf5 8. c4 Ne4 9. Bh2 e5 10. d5 Ne7 11. Nbd2 Nxd2 12. Qxd2 h6 13. Rfd1 g5 14. Ne1 Ng6 15. Nc2 Qe7 16. Bg4 Be4 17. Ne1 Nh8 18. Bh5 Bh7 19. f3 f5 20. Nc2 Ng6 21. Bxg6 Bxg6 22. Qe2 Rae8 23. e4 h5 24. g4 f4 25. Kg2 Kf7 26. Bg1 Rh8 27. Bf2 Rh6 28. Rh1 Reh8 29. Rae1 Bf6 30. Nb4 Kf8 31. Nd3 Qh7 32. Qd1 hxg4 33. hxg4 Bxe4 34. Rxh6 Qxh6 0-1

[Event "Aragon-chT Honor Titulo"]
[Site "Aragon"]
[Date "2013.04.06"]
[Round "10.10"]
[White "Remiro Juste, Fernando Jose"]
[Black "Guzman Moneo, Alberto"]
[Result "1-0"]
[WhiteElo "2216"]
[BlackElo "2192"]
[PlyCount "63"]
[EventDate "2013.01.26"]
[EventType "team"]
[EventRounds "11"]
[EventCountry "ESP"]
[SourceTitle "EXT 2014"]
[Source "ChessBase"]
[SourceDate "2013.11.20"]
[SourceVersion "1"]
[SourceVersionDate "2013.11.20"]
[SourceQuality "1"]
[WhiteTeam "Agrupacion"]
[BlackTeam "Helios"]
[WhiteTeamCountry "ESP"]
[BlackTeamCountry "ESP"]

1. d4 Nf6 2. Bg5 Ne4 3. Bf4 d5 4. e3 c5 5. Bd3 cxd4 6. Bxe4 dxe4 7. Qxd4 Qxd4 8. exd4 Nc6 9. c3 b6 10. Ne2 f5 11. Nd2 e6 12. f3 g5 13. Bxg5 Rg8 14. Be3 exf3 15. gxf3 Ba6 16. Nf4 e5 17. Ne6 Bd6 18. 0-0-0 Rc8 19. Rhg1 Rg6 20. Ng7+ Kd7 21. Nxf5 exd4 22. Nxd4 Ne5 23. Ne4 Nd3+ 24. Kb1 Bxh2 25. Rxg6 hxg6 26. Rh1 Rh8 27. Nf6+ Ke7 28. Bg5 Kf7 29. Ng4 Bf4 30. Rxh8 Bxg5 31. Rh7+ Kg8 32. Rxa7 1-0

[Event "Aragon-chT Honor GrA"]
[Site "Aragon"]
[Date "2013.02.16"]
[Round "4.6"]
[White "Chueca Forcen, Alberto"]
[Black "Remiro Juste, Fernando Jose"]
[Result "1/2-1/2"]
[WhiteElo "2310"]
[BlackElo "2216"]
[PlyCount "82"]
[EventDate "2013.01.26"]
[EventType "team"]
[EventRounds "7"]
[EventCountry "ESP"]
[SourceTitle "EXT 2014"]
[Source "ChessBase"]
[SourceDate "2013.11.20"]
[SourceVersion "1"]
[SourceVersionDate "2013.11.20"]
[SourceQuality "1"]
[WhiteTeam "El Olivar"]
[BlackTeam "Agrupacion"]
[WhiteTeamCountry "ESP"]
[BlackTeamCountry "ESP"]

1. e4 c5 2. c3 d5 3. exd5 Qxd5 4. d4 Nc6 5. Nf3 Bg4 6. Be2 cxd4 7. cxd4 e6 8. Nc3 Qa5 9. 0-0 Nf6 10. a3 Be7 11. Be3 Nd5 12. Nxd5 Qxd5 13. Rc1 0-0 14. h3 Bh5 15. Bc4 Qa5 16. d5 Bxf3 17. Qxf3 Ne5 18. Qe4 Nxc4 19. Qxc4 Qxd5 20. Qxd5 exd5 21. Rc7 Bf6 22. Rxb7 Rfb8 23. Rxa7 Rxa7 24. Bxa7 Rxb2 25. Rd1 Rb5 26. Bd4 Bxd4 27. Rxd4 Kf8 28. a4 Rb1+ 29. Kh2 Ra1 30. Kg3 Ke7 31. Rxd5 Rxa4 32. f4 Ra2 33. Kf3 g6 34. g3 h5 35. Rd3 Rh2 36. h4 Ra2 37. Rc3 Ke6 38. Re3+ Kf5 39. Re5+ Kf6 40. Re3 Kf5 41. Re5+ Kf6 1/2-1/2

[Event "Aragon-chT Honor GrA "]
[Site "Aragon"]
[Date "2012.02.18"]
[Round "3.11"]
[White "Remiro Juste, Fernando Jose"]
[Black "Lopez Gracia, Fernando"]
[Result "1/2-1/2"]
[WhiteElo "2219"]
[BlackElo "2336"]
[PlyCount "47"]
[EventDate "2012.02.04"]
[EventType "team-tourn"]
[EventRounds "7"]
[EventCountry "ESP"]
[SourceTitle "EXT 2014"]
[Source "ChessBase"]
[SourceDate "2013.11.20"]
[SourceVersion "1"]
[SourceVersionDate "2013.11.20"]
[SourceQuality "1"]
[WhiteTeam "Agrupacion"]
[BlackTeam "St Casablanca"]
[WhiteTeamCountry "ESP"]
[BlackTeamCountry "ESP"]

1. d4 Nf6 2. Nf3 e6 3. e3 c5 4. Bd3 b6 5. Nbd2 Bb7 6. 0-0 Be7 7. c3 Nc6 8. a3 d5 9. b4 Qc7 10. b5 Na5 11. Bb2 0-0 12. Ne5 c4 13. Bc2 Ne4 14. f4 f6 15. Nef3 Bd6 16. Qb1 f5 17. a4 a6 18. Nxe4 dxe4 19. Ne5 axb5 20. Ba3 bxa4 21. Bxd6 Qxd6 22. Bxa4 Bd5 23. Rf2 Qc7 24. Bb5 1/2-1/2

[Event "Aragon-chT Preferente"]
[Site "Spain"]
[Date "2010.03.13"]
[Round "8.11"]
[White "Cerrajeria Ruiz, Jesus Maria"]
[Black "Remiro Juste, Fernando Jose"]
[Result "1-0"]
[WhiteElo "2100"]
[BlackElo "2306"]
[PlyCount "137"]
[EventDate "2010.01.23"]
[EventType "team-swiss"]
[EventRounds "12"]
[EventCountry "ESP"]
[SourceTitle "EXT 2013"]
[Source "ChessBase"]
[SourceDate "2012.11.22"]
[SourceVersion "1"]
[SourceVersionDate "2012.11.22"]
[SourceQuality "1"]
[WhiteTeam "Shatranj"]
[BlackTeam "Agrupacion"]
[WhiteTeamCountry "ESP"]
[BlackTeamCountry "ESP"]

1. Nf3 Nf6 2. c4 g6 3. Nc3 d5 4. cxd5 Nxd5 5. e4 Nxc3 6. bxc3 Bg7 7. Ba3 0-0 8. d4 Nd7 9. Bb5 c6 10. Ba4 Qa5 11. Bb4 Qc7 12. 0-0 Nf6 13. Re1 b6 14. Qd3 Bb7 15. Rab1 Rac8 16. g3 Ba8 17. e5 Ng4 18. h3 Nh6 19. Ba3 Rfd8 20. c4 Nf5 21. c5 Bf8 22. g4 Ng7 23. Ng5 e6 24. Ne4 Ne8 25. cxb6 axb6 26. Bxf8 Kxf8 27. Qe3 Kg7 28. Rec1 Qa7 29. Bb3 Qe7 30. Rc4 b5 31. Rcc1 Rc7 32. Nc5 Ra7 33. Rd1 Nc7 34. Qd2 Qh4 35. Kg2 Na6 36. Rdc1 Nxc5 37. Rxc5 Rad7 38. Rd1 h5 39. f3 hxg4 40. fxg4 Qe7 41. Qf2 Bb7 42. h4 g5 43. h5 Kg8 44. Kg3 Rf8 45. Rd3 Qxc5 46. dxc5 Rxd3+ 47. Kg2 f6 48. Bxe6+ Kg7 49. h6+ Kxh6 50. Kf1 Kg7 51. Ke2 fxe5 52. Qh2 Rdf3 53. Qxe5+ Kh6 54. Qh2+ Kg7 55. Qc7+ R3f7 56. Qe5+ Kg6 57. Bxf7+ Rxf7 58. Qe6+ Kg7 59. Ke3 b4 60. Qe5+ Kg6 61. Qd6+ Kg7 62. Qd4+ Kg6 63. Qe4+ Kg7 64. Qxb4 Bc8 65. Qd4+ Kg6 66. Qe4+ Kg7 67. Qxc6 Bxg4 68. a4 Rf6 69. Qd5 1-0

[Event "Aragon-chT"]
[Site "Aragon"]
[Date "2008.04.19"]
[Round "10"]
[White "Remiro Juste, Fernando Jose"]
[Black "Aguirre Izaguirre, Pedro Jose"]
[Result "1/2-1/2"]
[WhiteElo "2335"]
[BlackElo "2272"]
[PlyCount "74"]
[EventDate "2008.02.02"]
[EventType "team-swiss"]
[EventRounds "12"]
[EventCountry "ESP"]
[SourceTitle "EXT 2011"]
[Source "ChessBase"]
[SourceDate "2010.11.26"]
[SourceVersion "1"]
[SourceVersionDate "2010.11.26"]
[SourceQuality "1"]

1. c4 f5 2. d4 g6 3. Nc3 Nf6 4. Bg5 Bg7 5. h4 d6 6. Nh3 c6 7. Qd2 Qc7 8. Bxf6 Bxf6 9. h5 e5 10. d5 Na6 11. 0-0-0 c5 12. g3 Qe7 13. Kb1 Bd7 14. Nb5 b6 15. e3 Kd8 16. f4 e4 17. Ng5 Nc7 18. hxg6 Bxg5 19. fxg5 Nxb5 20. cxb5 Kc7 21. gxh7 Qxg5 22. b4 Rae8 23. bxc5 dxc5 24. d6+ Kb8 25. Bc4 Qxg3 26. Rdg1 Qe5 27. Rh6 f4 28. exf4 Qf5 29. Rg8 Rxh7 30. Rxe8+ Bxe8 31. Rxh7 Qxh7 32. Kb2 Qf5 33. Qd5 Qxf4 34. d7 Qh2+ 35. Kc1 Qf4+ 36. Kb2 Qh2+ 37. Kc1 Qf4+ 1/2-1/2

[Event "Aragon-chT"]
[Site "Aragon"]
[Date "2008.02.09"]
[Round "2"]
[White "Remiro Juste, Fernando Jose"]
[Black "Gimeno Oteo, Marco Antonio"]
[Result "1-0"]
[WhiteElo "2335"]
[BlackElo "2162"]
[PlyCount "83"]
[EventDate "2008.02.02"]
[EventType "team-swiss"]
[EventRounds "12"]
[EventCountry "ESP"]
[SourceTitle "EXT 2011"]
[Source "ChessBase"]
[SourceDate "2010.11.26"]
[SourceVersion "1"]
[SourceVersionDate "2010.11.26"]
[SourceQuality "1"]

1. d4 Nf6 2. Nf3 g6 3. Nbd2 Bg7 4. e4 0-0 5. Bd3 d6 6. 0-0 c5 7. d5 Na6 8. c3 Nc7 9. a4 b6 10. Nc4 Ba6 11. Qe2 Bxc4 12. Bxc4 a6 13. Bg5 Qd7 14. Rfe1 b5 15. Bb3 Ng4 16. h3 Ne5 17. Nd2 h6 18. Be3 Qc8 19. f4 Nd7 20. f5 Ne5 21. Nf3 Kh7 22. Rf1 Qd7 23. Bf4 Nxf3+ 24. Rxf3 g5 25. Bh2 b4 26. e5 dxe5 27. Bxe5 Bf6 28. Rd1 Ne8 29. Re3 Ra7 30. Re1 bxc3 31. bxc3 Rb7 32. Bxf6 Nxf6 33. Rxe7 Qc8 34. Rxb7 Qxb7 35. Qe7 Nd7 36. Bc2 Qxd5 37. f6+ Kg8 38. Rd1 Qa2 39. Rd2 Qa1+ 40. Rd1 Qxc3 41. Rxd7 Qxc2 42. Qxf8+ 1-0

[Event "Zaragoza Delicias op 6th"]
[Site "Zaragoza"]
[Date "2005.09.14"]
[Round "5"]
[White "Garza Marco, Sergio"]
[Black "Remiro Juste, Fernando Jose"]
[Result "0-1"]
[WhiteElo "2365"]
[BlackElo "2270"]
[PlyCount "84"]
[EventDate "2005.09.11"]
[EventType "swiss"]
[EventRounds "9"]
[EventCountry "ESP"]
[SourceTitle "EXT 2007"]
[Source "ChessBase"]
[SourceDate "2006.11.23"]
[SourceVersion "1"]
[SourceVersionDate "2006.11.23"]
[SourceQuality "1"]

1. d4 Nf6 2. c4 g6 3. Nc3 d5 4. cxd5 Nxd5 5. e4 Nxc3 6. bxc3 Bg7 7. Bc4 c5 8. Ne2 0-0 9. 0-0 Nc6 10. Be3 Qc7 11. Rc1 Rd8 12. Bf4 Qd7 13. d5 Na5 14. Bd3 e5 15. Bg5 f6 16. Be3 b6 17. f4 Qd6 18. Qe1 c4 19. Bc2 Bd7 20. Kh1 Rf8 21. Rd1 Nb7 22. f5 b5 23. Rf3 a5 24. Rh3 g5 25. Ng3 b4 26. Rb1 Rfb8 27. cxb4 axb4 28. Rxb4 Rxa2 29. Bb1 Ra4 30. Rb6 Qc7 31. Bc2 Raa8 32. Nh5 Nd6 33. Rxb8+ Qxb8 34. Nxg7 Qb2 35. Nh5 Ra1 36. Bd1 Nxe4 37. Rf3 c3 38. Nxf6+ Nxf6 39. Qg3 Rxd1+ 40. Bg1 Qc1 41. Qf2 c2 42. Rc3 Ne4 0-1

[Event "Autonomico-chT"]
[Site "Aragon"]
[Date "2005.04.10"]
[Round "11.6"]
[White "Garza Marco, Sergio"]
[Black "Remiro Juste, Fernando Jose"]
[Result "1-0"]
[WhiteElo "2378"]
[BlackElo "2304"]
[PlyCount "73"]
[EventDate "2005.01.22"]
[EventType "team"]
[EventRounds "12"]
[EventCountry "ESP"]
[SourceTitle "EXT 2006"]
[Source "ChessBase"]
[SourceDate "2005.11.24"]
[SourceVersion "1"]
[SourceVersionDate "2005.11.24"]
[SourceQuality "1"]

1. d4 Nf6 2. Nf3 g6 3. Bg5 Bg7 4. c3 d5 5. Nbd2 0-0 6. e3 b6 7. b4 c5 8. Be2 Bb7 9. bxc5 bxc5 10. Rb1 Qc8 11. Qa4 Nbd7 12. 0-0 h6 13. Bh4 g5 14. Bg3 Ne4 15. Nxe4 dxe4 16. Nd2 cxd4 17. cxd4 Nb6 18. Qa3 Qd7 19. Rb5 Bd5 20. Rc5 Rac8 21. Bb5 Qe6 22. Nb3 Bxb3 23. axb3 Rxc5 24. dxc5 Nc8 25. Rd1 Qg4 26. Qc1 h5 27. h3 Qf5 28. Qc4 h4 29. Bh2 g4 30. Rd5 Qg6 31. hxg4 e6 32. Rd7 Qxg4 33. Bc6 Qg5 34. Bf4 Qf6 35. Bxe4 e5 36. Bh2 Qg5 37. Bd3 1-0

[Event "Autonomico-chT"]
[Site "Aragon"]
[Date "2005.04.09"]
[Round "10.10"]
[White "Remiro Juste, Fernando Jose"]
[Black "Roche Simon, Manuel Angel"]
[Result "1-0"]
[WhiteElo "2304"]
[BlackElo "2215"]
[PlyCount "79"]
[EventDate "2005.01.22"]
[EventType "team"]
[EventRounds "12"]
[EventCountry "ESP"]
[SourceTitle "EXT 2006"]
[Source "ChessBase"]
[SourceDate "2005.11.24"]
[SourceVersion "1"]
[SourceVersionDate "2005.11.24"]
[SourceQuality "1"]

1. d4 Nf6 2. c4 e6 3. Nc3 Bb4 4. e3 d5 5. a3 Bxc3+ 6. bxc3 0-0 7. cxd5 exd5 8. Bd3 c5 9. Ne2 b6 10. 0-0 Re8 11. f3 Qc7 12. Ng3 Nc6 13. Ra2 h5 14. Ne2 c4 15. Bc2 b5 16. Bd2 Bb7 17. Qb1 Na5 18. Rb2 Bc6 19. Qe1 Qd6 20. Bc1 Re7 21. Qh4 Rae8 22. Ng3 Bd7 23. e4 Qb6 24. Kh1 g6 25. Bg5 Re6 26. Rbb1 Nb3 27. Rbd1 Nh7 28. exd5 Re2 29. Nxe2 Rxe2 30. Bxb3 cxb3 31. Rd2 Rxd2 32. Bxd2 Bf5 33. Qe7 g5 34. d6 Qc6 35. Bxg5 b2 36. Bh6 Qc8 37. Rb1 Nf8 38. Rxb2 Ne6 39. d7 Qxc3 40. d8Q+ 1-0

[Event "Autonomico-chT"]
[Site "Aragon"]
[Date "2005.04.02"]
[Round "9.1"]
[White "Remiro Juste, Fernando Jose"]
[Black "Baron Rodriguez, Jesus"]
[Result "0-1"]
[WhiteElo "2304"]
[BlackElo "2427"]
[PlyCount "82"]
[EventDate "2005.01.22"]
[EventType "team"]
[EventRounds "12"]
[EventCountry "ESP"]
[SourceTitle "EXT 2006"]
[Source "ChessBase"]
[SourceDate "2005.11.24"]
[SourceVersion "1"]
[SourceVersionDate "2005.11.24"]
[SourceQuality "1"]

1. e4 e6 2. d3 d5 3. Nd2 Nf6 4. Ngf3 c5 5. g3 Nc6 6. Bg2 Be7 7. 0-0 0-0 8. c3 b6 9. e5 Nd7 10. Re1 Qc7 11. Qe2 a5 12. Nf1 a4 13. Bf4 a3 14. b3 Ba6 15. Rac1 Rfc8 16. h4 b5 17. Ne3 Qd8 18. Ng4 c4 19. bxc4 bxc4 20. d4 Rcb8 21. Ng5 Rb2 22. Qf3 Qe8 23. Bh3 Nd8 24. Ne3 Bb7 25. Qh5 Nf8 26. Ng4 Bc6 27. Nf6+ gxf6 28. exf6 Bxf6 29. Bf5 exf5 30. Rxe8 Bxe8 31. Bd6 Nde6 32. Bxf8 Bxg5 33. hxg5 Nxf8 34. Ra1 Bd7 35. Qf3 Be6 36. Qf4 Rc2 37. Kg2 Ng6 38. Qd6 Rxc3 39. Re1 Rf8 40. Rh1 Rd3 41. Qc5 f4 0-1